The sweetest dream (Record no. 296998)

MARC details
000 -LEADER
fixed length control field 00606nam a2200217Ia 4500
008 - FIXED-LENGTH DATA ELEMENTS--GENERAL INFORMATION
fixed length control field 191130s2002##################000#0#eng##
020 ## - INTERNATIONAL STANDARD BOOK NUMBER
ISBN 9780060937553
Paper back/Hardbound pbk
041 ## - LANGUAGE CODE
Language code of text/sound track or separate title eng
082 ## - DEWEY DECIMAL CLASSIFICATION NUMBER
Classification number 823.914 LES
100 ## - MAIN ENTRY--AUTHOR NAME
Personal name Lessing, Doris May
245 ## - TITLE STATEMENT
Title The sweetest dream
Statement of responsibility, etc Doris Lessing
250 ## - EDITION STATEMENT
Edition statement 1st ed
260 ## - PUBLICATION, DISTRIBUTION, ETC. (IMPRINT)
Place of publication New York
Name of publisher Perennial
Year of publication 2002
300 ## - PHYSICAL DESCRIPTION
Number of Pages 479 p. ; 25 cm
650 ## - SUBJECT ADDED ENTRY--TOPICAL TERM
Topical Term British - South Africa - Fiction
Topical Term London (England) - Fiction
Topical Term Mothers and daughters - Fiction
Topical Term South Africa - Fiction
942 ## - ADDED ENTRY ELEMENTS (KOHA)
Koha item type English Books
Holdings
Withdrawn status Lost status Damaged status Not for loan Home library Current library Shelving location Date acquired Full call number Accession Number Price effective from Koha item type
        Anna Centenary Library Anna Centenary Library 4TH FLOOR, B WING 15.10.2020 823.914 LES 468777 15.10.2020 English Books

Find us on the map